2010 Hero Factory sets - Statistics

General Stats
  • This quiz has been taken 17 times
  • The average score is 10 of 15
Answer Stats
Hint Answer % Correct
Hero Furno
100%
Hero Breez
91%
Hero Bulk
91%
Hero Stormer
91%
Hero Surge
91%
Hero Stringer
82%
Villain Von Nebula
73%
Villain Xplode
64%
Villain Corroder
55%
Villain Meltdown
55%
Villain Rotor
55%
Villain Thunder
55%
Vehicle Furno Bike
36%
Vehicle Drop ship
18%
Hero+Villain Bulk and Vapour
9%
No matching quizzes found
Score Distribution
Percent of People with Each Score
Percentile by Number Answered
Your Score History
You have not taken this quiz